[Event "DEN-ch cand"]
[Site "Skorping"]
[Date "2017.04.16"]
[Round "6"]
[White "Laursen, Niels Norskov"]
[Black "Heimisson, Hilmir Freyr"]
[Result "1/2-1/2"]
[WhiteElo "2316"]
[BlackElo "2152"]
[PlyCount "20"]
[EventDate "2017.04.11"]
[EventType "swiss"]
[EventRounds "7"]
[EventCountry "DEN"]
[SourceTitle "EXT 2018"]
[Source "ChessBase"]
[SourceDate "2017.10.13"]
[SourceVersion "1"]
[SourceVersionDate "2017.10.13"]
[SourceQuality "1"]

1. e4 Nf6 2. e5 Nd5 3. d4 d6 4. Nf3 dxe5 5. Nxe5 c6 6. Bc4 Nd7 7. Nxd7 Bxd7 8. 0-0 e6 9. Nd2 Be7 10. Re1 0-0 1/2-1/2